| 000 | 00650nam a2200193 i 4500 | ||
|---|---|---|---|
| 001 | 86394 | ||
| 003 | ES-MaACL | ||
| 005 | 20230906175434.0 | ||
| 007 | t| | ||
| 008 | 041210s1947 sp ||||1| spa d | ||
| 100 | 1 |
_aKampmeier, Rudolph H. _967482 |
|
| 245 | 1 | 0 |
_aFundamentos de sifilología / _cpor Rudolf H. Kampmeier ; con unos capítulos de Alvins E. Keller, J. Cyril Peterson. |
| 250 | _a[1ª ed.]. | ||
| 260 |
_aBarcelona, etc. : _bSalvat, _c1947 ( _fImp. Hispano-Americana) |
||
| 300 |
_aXVI, 544 p., 1 lám. ; _c22 cm. |
||
| 700 | 1 |
_aKeller, Alvins E. _967758 |
|
| 700 | 1 |
_aPeterson, J. Cyril. _991485 |
|
| 852 |
_aES-MaACL _jC-4098 _bR.23766 |
||
| 999 |
_c86394 _d86394 |
||